| 000 | 00981nam a2200289 a 4500 | ||
|---|---|---|---|
| 999 |
_c9817 _d9817 |
||
| 001 | 9817 | ||
| 003 | BD-JhCC | ||
| 005 | 20180401181634.0 | ||
| 008 | 180401s1927 enka b 001 0 eng d | ||
| 035 | _a(BD-JhCC)9817 | ||
| 035 | _a2456493 | ||
| 040 |
_aBD-JhCC _cNZOC _dBD-JhCC |
||
| 041 | 1 |
_aeng _hfre |
|
| 082 | _a844.3 | ||
| 100 | 1 |
_aMontaigne, Michel de, _d1533-1592. |
|
| 240 | 1 | 0 | _aEssais. |
| 245 | 1 | 4 |
_aThe essays of Montaigne / _ctranslated by E. J. Trechmann ; with an introduction by the Rt. Hon. J. M. Robertson. |
| 260 |
_aLondon : _bOxford University Press, H. Milford, _c1927. |
||
| 300 |
_aVerious pages. ; _c19 cm. |
||
| 500 | _a"The present translation is based upon the Bordeaux copy."--v. 1, p. xv. | ||
| 504 | _aIncludes bibliographical references and index. | ||
| 650 | _aFrench essays | ||
| 700 | 1 |
_aRobertson, J. M. _q(John Mackinnon), _d1856-1933. |
|
| 700 | 1 |
_aTrechmann, E. J. _q(Emil Julius), _d1856?- |
|
| 942 |
_2ddc _cBK |
||